Normal view
MARC view
Entry Personal Name
001 - CONTROL NUMBER
- control field: 162743
003 - CONTROL NUMBER IDENTIFIER
- control field: OSt
005 - DATE AND TIME OF LATEST TRANSACTION
- control field: 20220923212757.0
008 - FIXED-LENGTH DATA ELEMENTS
- fixed length control field: 220923|| aca||aabn | a|a d
040 ## - CATALOGING SOURCE
- Original cataloging agency: OSt
- Transcribing agency: OSt
100 ## - HEADING--PERSONAL NAME
- Personal name: मूर्ति, चावली सूर्यनारायण
670 ## - SOURCE DATA FOUND
- Source citation: Work cat.: (OSt)311224: मूर्ति, चावली सूर्यनारायण, हिन्दी और तेलुगू के मध्यकालीन राम-साहित्य का तुलनात्मक अनुशीलन, 1966
